01762nam a2200325 a 450000100060000000300080000600500170001400800410003103500230007203500190009504000270011404100110014108200250015211101150017724505620029226000280085430000290088250000340091165000460094565000430099165000480103465000470108265000480112965000510117771000120122871000610124071000350130171000710133671000290140774964BD-RjUL20211209082628.0190103s1969 fr a i101 0 eng d a(OCoLC)ocm35497661 a(BD-RjUL)75182 aCAIcCAIbengdBD-RjUL0 aengfre 223a551.46bSYP 19692 aSymposium on the Oceanography and Fisheries Resources of the Tropical Atlanticd(1966 :cAbidjan, Ivory Coast)10aProceedings of the Symposium on the Oceanography and Fisheries Resources of the Tropical Atlantic :breview papers and contributions : results of the ICITA and of the GTS, organized through the joint efforts of UNESCO, FAO and OAU : Abidjan, Ivory Coast, 20-28 October 1966 = Actes du Symposium sur l'océanographie et les ressources halieutiques de l'Atlantique tropical : rapports de synthèse et communications : résultats de l'ICITA et de la GTS, organisé conjointement par l'UNESCO, la FAO et l'OUA : Abidjan, Côte d'Ivoire, 20-28 octobre 1966. aParis :bUNESCO,c1969. a430 p. :bill. ;c27 cm. aPapers in English and French. 0aOceanographyzAtlantic OceanvCongresses. 0aFisherieszAtlantic OceanvCongresses. 0aMarine biologyzAtlantic OceanvCongresses. 6aPêcheszAtlantique (Océan)xCongrès. 4aoceanographiezatlantique (ocean)xcongres. 6aBiologie marinezAlantique (Ocean)xCongrès.2 aUnesco.2 aFood and Agriculture Organization of the United Nations.2 aOrganization of African Unity.2 aInternational Cooperative Investigations of the Tropical Atlantic.2 aGuinean Trawling Survey.